Justicia constitucional Teora̕ y prc̀tica en el derecho chileno /

Detalles Bibliográficos
Autor principal: Zapata Larran̕, Patricio
Formato: eBook
Lenguaje:español
Publicado: [Chile] : Editorial jurd̕ica de Chile, 2008
Materias:
Acceso en línea:Acceso restringido

MARC

LEADER 00000nam a22000007a 4500
005 20111003132856.0
008 111003s2008 cl |||||s|||| 00||0 spa d
020 |a 978-956-10-1891-4 
035 |a 5939 
040 |a vLex 
090 |c 2594  |d 2594 
100 1 |a Zapata Larran̕, Patricio 
245 1 0 |a Justicia constitucional  |h [Recurso electrn̤ico] :  |b Teora̕ y prc̀tica en el derecho chileno /  |c Patricio Zapata Larran̕ 
256 |a Servicio en ln̕ea. 
260 |a [Chile] :  |b Editorial jurd̕ica de Chile,  |c 2008 
300 |a 1 recurso electrn̤ico 
506 1 |a Contenido solo disponible en los productos indicados  |d vLex Global  |d vLex Global (Academic Edition, excluding Law Schools)  |d vLex Global (U.S. Academic Edition, Law Schools)  |d vLex Global (U.S. Academic Edition, excluding Law Schools)  |d vLex Global (Academic Edition, Law Schools) 
650 0 4 |a Derecho comparado  |z Chile 
740 0 |a vLex Libros (Servicio en ln̕ea) 
856 4 0 |u http://vlex.com/source/5939  |z Acceso restringido 
942 |c BOOK